Central Library and Information Centre
Sibsagar Girls' College, Sivasagar : Assam

SINGHA PURUSH MANIRAM DEWN :SWAHID MANIRAM DEWANAR 200 YEAR JANMA SUWARANI GANTHA (Record no. 8975)

MARC details
000 -LEADER
fixed length control field 00496cam a2200169ua 4500
008 - FIXED-LENGTH DATA ELEMENTS--GENERAL INFORMATION
fixed length control field 180308n II |||gr||||Z||||||asm
040 ## - CATALOGING SOURCE
Original cataloging agency MAIN
041 ## - LANGUAGE CODE
-- English
082 ## - DEWEY DECIMAL CLASSIFICATION NUMBER
Classification number 920 BOR
100 ## - MAIN ENTRY--PERSONAL NAME
Personal name BORA,MAMONI (ed./).
245 ## - TITLE STATEMENT
Title SINGHA PURUSH MANIRAM DEWN :SWAHID MANIRAM DEWANAR 200 YEAR JANMA SUWARANI GANTHA
260 ## - PUBLICATION, DISTRIBUTION, ETC.
Place of publication, distribution, etc. CHARING,SIBSAGAR:
Name of publisher, distributor, etc. CELEBRATION COMMITEE,SMD COLLEGE.,
Date of publication, distribution, etc. 2007.
300 ## - PHYSICAL DESCRIPTION
Extent 194:
Dimensions 21CM.
942 ## - ADDED ENTRY ELEMENTS (KOHA)
Koha item type Books
653 ## - INDEX TERM--UNCONTROLLED
Uncontrolled term Biography, genealogy & insignia
Holdings
Withdrawn status Lost status Damaged status Not for loan Collection code Home library Current library Shelving location Date acquired Full call number Barcode Date last seen Copy number Price effective from Koha item type
        General Reference Central Library and Information Centre Sibsagar Girls College Central Library and Information Centre Sibsagar Girls College Biography 01.08.2006 920 BOR 21362 27.02.2020 1 27.02.2020 Books
        General Reference Central Library and Information Centre Sibsagar Girls College Central Library and Information Centre Sibsagar Girls College Biography 01.08.2006 920 BOR 21363 27.02.2020 2 27.02.2020 Books


Sibsagar Girl's College © 2020. All rights reserved.
Powered by Koha.
Maintained by Abhijit Borpuzari.